000 02453cam a2200337 i 4500
001 17174902
003 OSt
005 20150408114205.0
008 120221s2012 enk b 001 0 eng
010 _a 2012007499
020 _a9780521826020 (hardback)
020 _a9780521533416 (paperback)
040 _aDLC
_beng
_cDLC
_erda
_dDLC
042 _apcc
050 0 0 _aQA8.4
_b.C654 2012
082 0 0 _a510.1
_223
_bCMI
084 _aSCI075000
_2bisacsh
100 1 _aColyvan, Mark.
_942511
245 1 3 _aAn introduction to the philosophy of mathematics /
_cMark Colyvan, University of Sydney.
300 _aix, 188 pages ;
_c26 cm.
490 0 _aCambridge introductions to philosophy
504 _aIncludes bibliographical references and index.
505 8 _aMachine generated contents note: 1. Mathematics and its philosophy; 2. The limits of mathematics; 3. Plato's heaven; 4. Fiction, metaphor, and partial truths; 5. Mathematical explanation; 6. The applicability of mathematics; 7. Who's afraid of inconsistent mathematics?; 8. A rose by any other name; 9. Epilogue: desert island theorems.
520 _a"This introduction to the philosophy of mathematics focuses on contemporary debates in an important and central area of philosophy. The reader is taken on a fascinating and entertaining journey through some intriguing mathematical and philosophical territory, including such topics as the realism/anti-realism debate in mathematics, mathematical explanation, the limits of mathematics, the significance of mathematical notation, inconsistent mathematics and the applications of mathematics. Each chapter has a number of discussion questions and recommended further reading from both the contemporary literature and older sources. Very little mathematical background is assumed and all of the mathematics encountered is clearly introduced and explained using a wide variety of examples. The book is suitable for an undergraduate course in philosophy of mathematics and, more widely, for anyone interested in philosophy and mathematics"--
650 0 _aMathematics
_xPhilosophy.
_98982
650 7 _aSCIENCE / Philosophy & Social Aspects.
_2bisacsh
_942512
856 4 2 _3Cover image
_uhttp://assets.cambridge.org/97805218/26020/cover/9780521826020.jpg
906 _a7
_bcbc
_corignew
_d1
_eecip
_f20
_gy-gencatlg
942 _2ddc
_cDVD
999 _c33372
_d267872